• 首页
  • 本馆介绍
  • 公告通知
  • 最新文献
  • 馆藏检索
  • 电子资源
  • 读者导购
  • 参考咨询
  • 我的图书馆
  • 登录
  • 详细信息显示
  • 放入我的书架
  • 预约/预借图书
  • 作者相关作品
  • 分类相关作品
  • 丛书相关作品
  • 出版社相关作品

书目信息

  • 表格格式
  • 工作单格式
  • 卡片格式
题名:
黄瓜园画谱
    
 
作者: 二乾书屋主人 编撰
分册:   花鸟册
出版信息: 南京   江苏美术出版社  1998.07
页数: 308页
开本: 16开
丛书名:
单 册:
中图分类: J221.9
科图分类:
主题词: 绘画--中国
电子资源:
ISBN: 7-5344-0805-9
000 00609nam0 2200205 45
001 0205141505
005 20031219104055.7
010    @a7-5344-0805-9@dCNY45.00
100    @a20020514d1998 km y0chiy0120 ea
101 0  @achi
105    @a z 000yy
200 1  @a黄瓜园画谱@i花鸟册@AHuang Gua Yuan Hua Pu@f二乾书屋主人编撰@FEr Qian Shu Wu Zhu Ren Bian Zhuan
210    @a南京@c江苏美术出版社@d1998.07
215    @a308页@d16开
517    @a花鸟册@AHua Niao Ce
606 0  @a绘画@x中国
690    @aJ221.9@v4
701    @a二乾书屋主人@4编撰
801    @aCN@bTSTC@c20020514
905    @b309889-891@dJ221.9@e34:2@f3
    
    黄瓜园画谱.花鸟册/二乾书屋主人编撰.-南京:江苏美术出版社,1998.07
    308页;16开
    
    
    ISBN 7-5344-0805-9:CNY45.00
    
●
相关链接 在E读中查询图书 在五车中查询图书 在当当中查询图书 在豆瓣中查询图书


正题名:黄瓜园画谱     索取号:J221.9/34:2         预约/预借

序号 登录号 条形码 馆藏地/架位号 状态 备注
1 0309889   203098897   第一借阅区/ [索取号:J221.9/34:2] 在馆    
2 0309890   203098904   第一借阅区/ [索取号:J221.9/34:2] 在馆    
3 0309891   203098913   第一样本阅览室/ [索取号:J221.9/34:2] 在馆    
唐山师范学院图书馆 欢迎您!
大连网信软件有限公司© 版权所有